000 00805nam a22001817a 4500
999 _c371461
_d371461
008 201127b ||||| |||| 00| 0 eng d
040 _aDE-2950
_bger
_cDE-2950
_erda
041 _ager
245 _aSchäden im Stadtwald und am Helenesee.
_bUnwetter: Frankfurt räumt nach dem Sturm Zeynep auf, von dem auch Dauercamper betroffen waren. Revierförster René Schmidt wir im Stadtwald noch tagelang zu tun haben. der Hauptfriedhof bleibt vorerst geschlossen /
_cJaqueline Westermann
264 _c2022
653 _aFrankfurt (Oder)
653 _aSturmschäden
773 _dFrankfurt (Oder) Märkisches Verlags- und Druckhaus GmbH & Co KG
_tMärkische Oderzeitung
_g33. Jahrgang (2022) Nr. 44 vom 22.02.2022, S. 17
942 _cA